LEADER 01574nam0 2200301 i 450 001 SUN0020969 005 20091014120000.0 010 $a88-387-2982-4 100 $a20040728d2004 |0itac50 ba 101 $aita 102 $aIT 105 $a|||| ||||| 200 1 $aˆLa ‰pratica giudiziaria nel nuovo processo amministrativo$etavole di sintesi, schemi grafici procedurali, scadenzari, prassi, note pratiche, riferimenti giurisprudenziali e formulario degli atti del processo amministrativo$fGianluca Morri 205 $a2. ed. agg. e ampl 210 $aSantarcangelo di Romagna$cMaggioli$d2004 215 $a454 p.$d24 cm$e1 CD-ROM. 410 1$1001SUN0015989$12001 $aLegale$v37$1210 $aRimini$cMaggioli. 620 $dSantarcangelo di Romagna$3SUNL000123 700 1$aMorri$b, Gianluca$3SUNV017211$0339476 712 $aMaggioli$3SUNV000144$4650 801 $aIT$bSOL$c20181109$gRICA 912 $aSUN0020969 950 $aUFFICIO DI BIBLIOTECA DEL DIPARTIMENTO DI GIURISPRUDENZA$d00 CONS IV.Eth.30 $e00 26128 950 $aUFFICIO DI BIBLIOTECA DEL DIPARTIMENTO DI GIURISPRUDENZA$d00 CONS IV.Eth.30 cd-rom $e00 798444931 995 $aUFFICIO DI BIBLIOTECA DEL DIPARTIMENTO DI GIURISPRUDENZA$h26128$kCONS IV.Eth.30$oc$qa 995 $aUFFICIO DI BIBLIOTECA DEL DIPARTIMENTO DI GIURISPRUDENZA$h798444931$kCONS IV.Eth.30 cd-rom$op$qa 996 $aPratica giudiziaria nel nuovo processo amministrativo$91044429 997 $aUNICAMPANIA LEADER 01092nam a2200289 i 4500 001 991002950169707536 005 20020509105503.0 008 990121s1986 it ||| | ita 035 $ab11085277-39ule_inst 035 $aPARLA172156$9ExL 040 $aDip.to Filosofia$bita 082 0 $a261.8 100 1 $aCalvez, Jean-Yves$0119058 245 10$aFede e giustizia :$bla dimensione sociale dell'evangelizzazione :$bsaggio su un documento-chiave della storia recente dei gesuiti /$cJean-Yves Calvez 260 $aAssisi :$bCittadella,$c1986 300 $a202 p. ;$c20 cm. 490 0 $aTeologia. Saggi 500 $aTrad. di Annarita Vignati Lucentini 650 4$aCristianesimo e società 650 4$aGesuiti$xCongregazioni generali$y1975 740 0 $aFoi et justice 907 $a.b11085277$b23-02-17$c28-06-02 912 $a991002950169707536 945 $aLE005 200 CAL01. 01$g1$i2005000040320$lle005$o-$pE0.00$q-$rl$s- $t0$u1$v0$w1$x0$y.i11215975$z28-06-02 996 $aFede e giustizia$9856814 997 $aUNISALENTO 998 $ale005$b01-01-99$cm$da $e-$fita$git $h0$i1